Concepts of modern physics. (Record no. 181570)

000 -LEADER
fixed length control field 00963 a2200217 4500
003 - CONTROL NUMBER IDENTIFIER
control field Nust
005 - DATE AND TIME OF LATEST TRANSACTION
control field 20170207153215.0
010 ## - LIBRARY OF CONGRESS CONTROL NUMBER
LC control number 72007089
020 ## - INTERNATIONAL STANDARD BOOK NUMBER
International Standard Book Number 007049553x
040 ## - CATALOGING SOURCE
Transcribing agency Nust
082 00 - DEWEY DECIMAL CLASSIFICATION NUMBER
Classification number 530
100 1# - MAIN ENTRY--PERSONAL NAME
Personal name Beiser, Arthur.
245 10 - TITLE STATEMENT
Title Concepts of modern physics.
Statement of responsibility, etc. Beiser, Arthur.
250 ## - EDITION STATEMENT
Edition statement 6th ed.
260 ## - PUBLICATION, DISTRIBUTION, ETC.
Place of publication, distribution, etc. New York,
Name of publisher, distributor, etc. McGraw-Hill
Date of publication, distribution, etc. [1973]
300 ## - PHYSICAL DESCRIPTION
Extent xi, 467 p.
Other physical details illus.
Dimensions 24 cm.
490 0# - SERIES STATEMENT
Series statement McGraw-Hill series in fundamentals of physics
505 ## - FORMATTED CONTENTS NOTE
Formatted contents note Relativity (Page-1) Particle Properties of Waves (Page-52) Waves Properties of Particles (Page-92) Atomic Structure (Page-119) Quantum Mechanics (Page-160) Quantum Theory of the Hydrogen Atom (Page-200) Many-Electron Atoms (Page-228) Molecules (Page-266) Statistical Mechanics (Page-) The Solid State (Page-296) Nuclear Structure (Page-335) Nuclear Transformations (Page-387) Elementary Particles (Page-474)
538 ## - SYSTEM DETAILS NOTE
System details note Almirah No. 15 Shelf No. 1
650 #0 - SUBJECT ADDED ENTRY--TOPICAL TERM
Topical term or geographic name entry element Physics.
942 ## - ADDED ENTRY ELEMENTS (KOHA)
Source of classification or shelving scheme
Koha item type Book
Holdings
Withdrawn status Lost status Source of classification or shelving scheme Damaged status Not for loan Permanent Location Current Location Date acquired Total Checkouts Full call number Barcode Checked out Date last seen Date last checked out Price effective from Koha item type
          Military College of Signals (MCS) Military College of Signals (MCS) 12/12/2016 1 530 BEI MCS31573 09/23/2025 09/08/2025 09/08/2025 12/12/2016 Book
© 2023 Central Library, National University of Sciences and Technology. All Rights Reserved.